000 00286nam a22001337a 4500
008 170914b xxu||||| |||| 00| 0 eng d
020 _a9780810972780
041 _aeng
080 _a7
100 _a44
101 _aART
245 _aTHE AZTEC WORLD
_cBRUMFIEL, E.M
942 _2udc
_cBK
999 _c27652
_d27652